000 00324nam a2200133Ia 4500
005 20251222142025.0
008 251222s9999||||xx |||||||||||||| ||spa||
020 _a84-7491-448-5
082 _a382.914/M26/Ej.2
100 _aMarquina, Antonio
245 0 _aEl Flanco Sur de la Otan
264 _bComplutense
942 _cLIB
999 _c10789
_d10789